| 000 | 00665nam a22002057a 4500 | ||
|---|---|---|---|
| 003 | Nust | ||
| 005 | 20241210112534.0 | ||
| 008 | 170216b xxu||||| |||| 00| 0 eng d | ||
| 040 | _cNust-MCE | ||
| 082 | _a200 | ||
| 100 |
_aEngr Mansoor Afzal _950927 |
||
| 245 |
_aGuidelines for utilization of skilled volunteers in flood/ _cEngr Mansoor Afzal |
||
| 260 |
_aRisalpur, _bMCE, _c2014 |
||
| 300 |
_a71p. _b35,cm. |
||
| 526 | _aMS-Water Resource Engineering | ||
| 650 |
_aMS-Water Resource Engineering _x _9127058 |
||
| 700 |
_aSupervisor: Lt Col Dr. Hassan Farooq _9127057 |
||
| 856 | _u http://10.250.8.41:8080/xmlui/handle/123456789/41092 | ||
| 942 |
_cSC _2ddc |
||
| 999 |
_c232361 _d232361 |
||